00768nam a2200193 a 450000100100000000500170001000800410002704000250006808200150009310000390010824501450014726000390029230000210033159000260035270000300037870000360040895201130044499900170055700002532520200930023717.0101216s1978 ag r 000 | spa d aDO-SdBNPbspacBNPHU axxxbD795a1 aDrummond de Andrade, Carlos95186710aAmar-amargo y otras poemas /cCarlos Drummond de Andrade; estudios y notas Santiago Kovadloff; selección y traducción Estela dos Santos. aBuenos Aires :bCalicanto ,c1978. a117 p. ;c19 cm. aInventariado, 2019/VM1 aSantiago Kovadloff9518681 aSantos , Estela dosetr.951869 001050718MOaGRbGRcHDd2011-02-14iLF1l0oxxx D795ap25325-10r2020-06-25w2020-06-25y1ZNo se presta c24817d24817